| 000 | 00325nam a22001217a 4500 | ||
|---|---|---|---|
| 020 | _a0-7214-1031-6 | ||
| 082 |
_a823 _bAWD/T |
||
| 100 | _aAWDRY, W | ||
| 245 |
_aTHOMAS COMES TO BREAKFAST; BOCO THE DISEASEL _bTHOMAS THE TANK ENGINE AND FRIENDS |
||
| 260 |
_aUSA _bLADY BIRD |
||
| 650 |
_aMAENGLIAH SHORT STORT _zUSA |
||
| 942 | _cBK | ||
| 999 |
_c2205 _d2205 |
||